Vista normal Vista MARC

Entrada Materia (geográfica)

Número de registros utilizados en: 1

001 - CONTROL NUMBER

  • control field: 54931

003 - CONTROL NUMBER IDENTIFIER

  • control field: Co-BoUCM

005 - DATE AND TIME OF LATEST TRANSACTION

  • control field: 20140206101319.0

008 - FIXED-LENGTH DATA ELEMENTS

  • fixed length control field: 140206|| aca||aabn | a|a d

040 ## - CATALOGING SOURCE

  • Original cataloging agency: Co-BoUCM
  • Transcribing agency: Co-BoUCM

151 ## - HEADING--GEOGRAPHIC NAME

  • Geographic name: Irán
  • General subdivision: Relaciones exteriores
  • Geographic subdivision: Estados Unidos.

670 ## - SOURCE DATA FOUND

  • Source citation: Work cat.: (Co-BoUCM)184523: Patrikarakos, David 1977- 51575, Nuclear Iran, 2012